[Event "Solingen-ch"]
[Site "Solingen"]
[Date "2016.10.07"]
[Round "3"]
[White "Beyer, Fabian"]
[Black "Skiber, Friedel"]
[Result "1-0"]
[WhiteElo "1963"]
[BlackElo "1727"]
[PlyCount "73"]
[EventDate "2016.09.07"]
[EventType "swiss"]
[EventRounds "7"]
[EventCountry "GER"]
[SourceTitle "EXT 2018"]
[Source "ChessBase"]
[SourceDate "2017.10.13"]
[SourceVersion "1"]
[SourceVersionDate "2017.10.13"]
[SourceQuality "1"]

1. d4 Nf6 2. c4 g6 3. Nc3 Bg7 4. e4 d6 5. f3 0-0 6. Be3 Nc6 7. Bd3 e5 8. d5 Nd4 9. Nge2 Nd7 10. Bxd4 exd4 11. Nb5 c5 12. Nxd6 Ne5 13. Nxc8 Rxc8 14. 0-0 Nxd3 15. Qxd3 f5 16. Nf4 Qd6 17. Ne6 Rf6 18. Rae1 fxe4 19. fxe4 Rxf1+ 20. Rxf1 Bh6 21. Qf3 Qe7 22. Qg3 a6 23. Kh1 Be3 24. Qg4 Re8 25. h4 b5 26. h5 g5 27. b3 h6 28. Qf3 Qh7 29. Nxc5 Bf4 30. Ne6 bxc4 31. bxc4 Rc8 32. Nxf4 gxf4 33. Qxf4 Qg7 34. d6 Rc5 35. d7 Rxh5+ 36. Kg1 Qxd7 37. Qf8+ 1-0